000 00718nam a2200205 4500
008 171206b xxu||||| |||| 00| 0 eng d
020 _a0072903872
082 _22000
_aDC 337
_bP96
100 _924300
_aPugel, Thomas A.,author.
245 _aInternational economics /
_cThomas A. Pugel, Peter H. Lindert.
250 _aEleventh edition.
260 _aBoston :
_bMcGraw-Hill,
_c©2000.
300 _axxiii, 709 pages :
_billustrations ;
_c24 cm.
500 _a Includes bibliographical references and index.
650 0 _924301
_aInternational economic relations.
650 0 _924303
_aCommercial policy.
650 0 _924304
_bForeign exchange.
700 _924305
_aLindert, Peter H.,author.
942 _2ddc
_cDC
999 _c7920
_d7920